000
00469nam a2200181Ia 4500
008
090711s9999 xx 000 0 und d
082
_b
43607
100
_a
ओशो रजनीश
245
_a
शिवसुत्र
260
_c
1977
300
_a
115
600
_a
ओशो रजनीश
630
_a
शिवसुत्र
700
_a
ओशो
700
_a
ओशो रजनीश
730
_a
शिवसुत्र
942
_c
BOOK
999
_c
285652
_d
285652